| 000 | 00442nam a2200181Ia 4500 | ||
|---|---|---|---|
| 005 | 20240823012008.0 | ||
| 008 | 240823s9999||||xx |||||||||||||| ||und|| | ||
| 082 | _A658.049 P3 | ||
| 100 | _a"Luthans,Fred " | ||
| 245 | 0 | _aInternational mangement | |
| 250 | _a5th | ||
| 260 |
_c2003 _b"TMH,New Delhi" |
||
| 500 | _aYES | ||
| 650 |
_aManagement _bManagement Studies |
||
| 700 | _a" Hodgetts,Richard M M" | ||
| 942 | _cBK | ||
| 999 |
_c163128 _d163128 |
||